000 00320nam a22001457a 4500
008 230911b ||||| |||| 00| 0 eng d
020 _a044486914X
041 _aeng
080 _a101
082 _a101FOL
100 _a44
101 _aFILOZ
245 _aTHE PHILOSOPHY OF NEILS BOHR
_cFOLSE .J.H
942 _2udc
_cBK
999 _c60317
_d60317